| 000 | 00967nmm a2200289 a 4500 | ||
|---|---|---|---|
| 001 | ocm0001299581 | ||
| 003 | TR-IsHL | ||
| 005 | 20201028161826.0 | ||
| 008 | 160715s2013 tu tur | ||
| 007 | cr cn | ||
| 020 | _a9789944122771 | ||
| 035 |
_a1299581 _b(N$T) |
||
| 050 | 0 | 4 |
_aPR6025.I833 _bSS619 2013 |
| 090 | 0 | 4 |
_aPR6025.I833 _bSS619 2013 |
| 100 | 1 | _aGibbon, Lewis Grassic | |
| 245 | 1 | 0 |
_aSpartaküs _h[electronic resource] / _cLewis Grassic Gibbon ; İngilizce'den çeviren Sermet Yalçın |
| 250 | _a2. basım | ||
| 260 |
_aİstanbul : _bYordam Kitap, _c2013 |
||
| 300 | _a289 p. | ||
| 650 | 4 | _aDil ve Edebiyat | |
| 650 | 4 | _aLanguage and Literature | |
| 650 | 0 | _aİngiliz romanı | |
| 650 | 0 | _aEnglish fiction | |
| 650 | 7 |
_aLITERARY COLLECTIONS / European / English, Irish, Scottish, Welsh _2bisacsh |
|
| 700 | 1 | _aYalçın, Sermet | |
| 856 | 4 | 0 | _uhttp://search.ebscohost.com/login.aspx?direct=true&scope=site&db=e011xww&AN=1299581 |
| 999 |
_c14361 _d14361 |
||